| 000 | 00534nam a2200181Ia 4500 | ||
|---|---|---|---|
| 008 | 090123s9999 xx 000 0 und d | ||
| 082 |
_b3814 _a891.463/गोगटे |
||
| 100 | _aगोगटे शकुंतला | ||
| 245 | _aअनुभव | ||
| 250 | _a1 | ||
| 260 |
_bप्रपंच प्रकाशन _c1974 |
||
| 300 | _a172 | ||
| 600 | _aगोगटे शकुंतला | ||
| 630 | _aअनुभव | ||
| 700 | _aगोगटे शकुंतला | ||
| 730 | _aअनुभव | ||
| 942 | _cBOOK | ||
| 999 |
_c41890 _d41890 |
||